[Event "Mondiale Lampo FIDE 2015"]
[Site "Berlino"]
[Date "13.10.2015"]
[Round "1.14"]
[White "Kramnik, Vladimir"]
[Black "Rasmussen, Allan Stig"]
[Result "1-0"]
[WhiteElo "2777"]
[BlackElo "2498"]
[PlyCount "43"]
[EventDate "2015.10.13"]

1. d4 d5 2. Nf3 Nf6 3. Bf4 c5 4. e3 Nc6 5. Nbd2 e6 6. c3 Bd6 7. Bg3 O-O 8. Bd3
Qe7 9. Ne5 Bxe5 10. dxe5 Nd7 11. f4 f6 12. Bh4 Qf7 13. exf6 Nxf6 14. O-O e5 15.
Bxf6 gxf6 16. e4 Kh8 17. exd5 Qxd5 18. Be4 Qd6 19. Nc4 Qe7 20. Qh5 exf4 21.
Rxf4 Ne5 22. Nxe5 1-0

[Event "Mondiale Lampo FIDE 2015"]
[Site "Berlino"]
[Date "13.10.2015"]
[Round "2.13"]
[White "Bachmann, Axel"]
[Black "Kramnik, Vladimir"]
[Result "0-1"]
[WhiteElo "2593"]
[BlackElo "2777"]
[PlyCount "69"]
[EventDate "2015.10.13"]

1. c4 e6 2. Nf3 d5 3. d4 Nf6 4. g3 Bb4+ 5. Bd2 Bd6 6. Nc3 O-O 7. Bg5 c6 8. Bg2
h6 9. Bxf6 Qxf6 10. O-O Bc7 11. Qb3 Nd7 12. e4 dxc4 13. Qxc4 e5 14. Nd5 Qe6 15.
Ne3 Qxc4 16. Nxc4 exd4 17. Nxd4 Rd8 18. Rfd1 Nb6 19. Ne3 Na4 20. Rab1 Bb6 21.
Nec2 Bg4 22. Rd2 Rd7 23. h3 Be6 24. a3 Rad8 25. Nxe6 Rxd2 26. Nxd8 Bxf2+ 27.
Kh2 Rxd8 28. b4 Rd3 29. g4 Bg3+ 30. Kg1 Rd2 31. Ne1 Nc3 32. Ra1 Re2 33. Nd3 Re3
34. Nc5 b6 35. Na6 0-1

[Event "Mondiale Lampo FIDE 2015"]
[Site "Berlino"]
[Date "13.10.2015"]
[Round "3.5"]
[White "Kramnik, Vladimir"]
[Black "Anton Guijarro, David"]
[Result "1/2-1/2"]
[WhiteElo "2777"]
[BlackElo "2634"]
[PlyCount "84"]
[EventDate "2015.10.13"]

1. d4 Nf6 2. Nf3 b6 3. Bg5 e6 4. e4 h6 5. Bxf6 Qxf6 6. c3 Bb7 7. Nbd2 d6 8.
Bb5+ c6 9. Bd3 Nd7 10. O-O Qd8 11. Qe2 a6 12. Rad1 Be7 13. e5 d5 14. Ne1 c5 15.
f4 g6 16. c4 cxd4 17. cxd5 Bxd5 18. Ne4 Nc5 19. b3 O-O 20. Nf3 Rc8 21. Kh1 Nxe4
22. Bxe4 Bxe4 23. Qxe4 Qc7 24. Nxd4 Kg7 25. Rd3 Bc5 26. Nf3 Rfd8 27. Rfd1 a5
28. h4 Rxd3 29. Qxd3 Be7 30. Qd7 Qc5 31. Qb7 Rd8 32. Rxd8 Bxd8 33. Kh2 Qe3 34.
g3 Qf2+ 35. Kh3 b5 36. h5 gxh5 37. f5 Qf1+ 38. Kh2 Qe2+ 39. Kh3 Qf1+ 40. Kh2
Qf2+ 41. Kh3 Qf1+ 42. Kh2 Qf2+ 1/2-1/2

[Event "Mondiale Lampo FIDE 2015"]
[Site "Berlino"]
[Date "13.10.2015"]
[Round "4.7"]
[White "Kramnik, Vladimir"]
[Black "Dubov, Daniil"]
[Result "0-1"]
[WhiteElo "2777"]
[BlackElo "2661"]
[PlyCount "84"]
[EventDate "2015.10.13"]

1. Nf3 Nf6 2. g3 g6 3. b3 Bg7 4. Bb2 O-O 5. Bg2 c5 6. c4 Nc6 7. O-O d5 8. cxd5
Nxd5 9. Bxg7 Kxg7 10. d4 cxd4 11. Nxd4 Qb6 12. Nxc6 bxc6 13. Qc1 Qd4 14. Qxc6
Be6 15. Na3 Rac8 16. Qa6 Nc3 17. Kh1 Ne4 18. Kg1 Nc3 19. Nc2 Qd2 20. Ne3 Nxe2+
21. Kh1 Nc1 22. Nc4 Bxc4 23. bxc4 Nd3 24. Qxa7 Rxc4 25. Rad1 Qe2 26. Qe3 Qxe3
27. fxe3 Nb4 28. Rd2 Rfc8 29. a4 R8c7 30. a5 R4c5 31. Rd4 Nc2 32. Rdf4 Rxa5 33.
Rxf7+ Kh6 34. Bf3 Nxe3 35. Re1 Nf5 36. Bg2 Ra2 37. g4 Rcc2 38. Rg1 Nh4 39. g5+
Kxg5 40. Be4+ Kh6 41. Bxc2 Rxc2 42. Rxe7 Nf3 0-1

[Event "Mondiale Lampo FIDE 2015"]
[Site "Berlino"]
[Date "13.10.2015"]
[Round "5.25"]
[White "Volokitin, Andrei"]
[Black "Kramnik, Vladimir"]
[Result "1-0"]
[WhiteElo "2639"]
[BlackElo "2777"]
[PlyCount "121"]
[EventDate "2015.10.13"]

1. e4 e5 2. Nf3 Nc6 3. Bc4 Bc5 4. c3 Nf6 5. d3 d6 6. Nbd2 a6 7. Bb3 O-O 8. O-O
Be6 9. Re1 h6 10. Nf1 Bxb3 11. Qxb3 Re8 12. Be3 Bxe3 13. Nxe3 Qd7 14. Rad1 b5
15. h3 Ne7 16. Nh2 c5 17. Nhg4 Nxg4 18. hxg4 Qe6 19. Qxe6 fxe6 20. a4 d5 21.
Ra1 d4 22. Nf1 Nc6 23. Nd2 dxc3 24. bxc3 Red8 25. Nb3 b4 26. Nxc5 bxc3 27. Rac1
Nd4 28. Rxc3 Rdc8 29. Kh2 Rc6 30. Rc4 Rb8 31. Nd7 Rb2 32. Kg3 Rxc4 33. dxc4 Nc6
34. Rd1 Rb4 35. c5 Rd4 36. Rxd4 exd4 37. f4 Kf7 38. Kf3 Ke7 39. Nb6 Na5 40. e5
d3 41. Ke3 d2 42. Kxd2 Nb3+ 43. Kc3 Nxc5 44. Kd4 Nb7 45. Nc4 Kd7 46. f5 Kc6 47.
f6 gxf6 48. exf6 Kd7 49. Ke5 Nc5 50. Nb6+ Ke8 51. Kd6 Ne4+ 52. Kxe6 Nc5+ 53.
Kf5 Kf7 54. a5 Nb3 55. Nc4 Nd4+ 56. Ke5 Nc6+ 57. Kd6 Nb4 58. Ke5 Nc6+ 59. Kf5
Nd4+ 60. Ke4 Nc6 61. Ne5+ 1-0

[Event "Mondiale Lampo FIDE 2015"]
[Site "Berlino"]
[Date "13.10.2015"]
[Round "6.43"]
[White "Lagarde, Maxime"]
[Black "Kramnik, Vladimir"]
[Result "0-1"]
[WhiteElo "2550"]
[BlackElo "2777"]
[PlyCount "92"]
[EventDate "2015.10.13"]

1. e4 e5 2. Nf3 Nc6 3. Bb5 Nf6 4. O-O Nxe4 5. Re1 Nd6 6. Nxe5 Be7 7. Bf1 Nf5 8.
c3 Nxe5 9. Rxe5 d6 10. Re1 O-O 11. d4 c6 12. Nd2 d5 13. Nf3 Bd6 14. Qc2 g6 15.
Bg5 f6 16. Bd2 Bd7 17. h3 Qc7 18. Bd3 Rae8 19. Rxe8 Rxe8 20. Re1 Qd8 21. Qc1 b6
22. Bf4 Rxe1+ 23. Nxe1 Bf8 24. Nf3 c5 25. Qe1 c4 26. Bf1 b5 27. g4 Ng7 28. Bg2
Ne6 29. Bg3 Bc8 30. Nd2 Kf7 31. Nf1 a5 32. Ne3 Bb7 33. f4 Qd7 34. Qf2 b4 35. f5
Ng5 36. h4 Ne4 37. Bxe4 dxe4 38. fxg6+ hxg6 39. Be5 Qe6 40. g5 b3 41. axb3 cxb3
42. Bxf6 Kg8 43. c4 a4 44. d5 Qh3 45. Qf4 Bc5 46. Qb8+ Bc8 0-1

[Event "Mondiale Lampo FIDE 2015"]
[Site "Berlino"]
[Date "13.10.2015"]
[Round "7.26"]
[White "Kramnik, Vladimir"]
[Black "Belov, Vladimir"]
[Result "1-0"]
[WhiteElo "2777"]
[BlackElo "2614"]
[PlyCount "65"]
[EventDate "2015.10.13"]

1. d4 d5 2. Nf3 Nf6 3. Bf4 e6 4. e3 Bd6 5. Nbd2 c5 6. dxc5 Bxc5 7. Bd3 Nc6 8.
O-O O-O 9. c4 Be7 10. Rc1 h6 11. h3 Nb4 12. Bb1 dxc4 13. Nxc4 Bd7 14. Nd4 Nbd5
15. Bg3 Rc8 16. Qe2 Bc5 17. Nb3 Bb5 18. Rfd1 Qe7 19. Nxc5 Qxc5 20. b3 Qb4 21.
e4 Bxc4 22. bxc4 Nc3 23. Qe1 Rxc4 24. Bd6 Qb2 25. Rc2 Qa1 26. Bxf8 Kxf8 27.
Rdc1 Nfxe4 28. f3 Ng3 29. Kh2 Nge2 30. Rxe2 Nxe2 31. Rxc4 Qe5+ 32. f4 Qe3 33.
Re4 1-0

[Event "Mondiale Lampo FIDE 2015"]
[Site "Berlino"]
[Date "13.10.2015"]
[Round "8.18"]
[White "Riazantsev, Alexander"]
[Black "Kramnik, Vladimir"]
[Result "0-1"]
[WhiteElo "2646"]
[BlackElo "2777"]
[PlyCount "72"]
[EventDate "2015.10.13"]

1. d4 Nf6 2. c4 e6 3. Nf3 d5 4. Nc3 c5 5. cxd5 Nxd5 6. e3 cxd4 7. exd4 Nxc3 8.
bxc3 Qc7 9. Qc2 Nd7 10. Bd3 b6 11. O-O Bb7 12. Ng5 Bd6 13. h3 Bh2+ 14. Kh1 Bf4
15. Re1 Bxg5 16. Bxg5 h6 17. Bd2 Nf6 18. c4 O-O 19. a4 Rfd8 20. Be3 Rac8 21.
Rac1 Qc6 22. Bf1 Nd5 23. Bd2 Ne7 24. Be3 Nf5 25. d5 Rxd5 26. cxd5 Qxc2 27. Rxc2
Rxc2 28. dxe6 fxe6 29. Bd3 Nxe3 30. Rxe3 Rxf2 31. Rxe6 Rxg2 32. Re7 Bc6 33.
Bc4+ Kf8 34. Rc7 Be4 35. Rf7+ Ke8 36. Rf4 Rg4+ 0-1

[Event "Mondiale Lampo FIDE 2015"]
[Site "Berlino"]
[Date "13.10.2015"]
[Round "9.11"]
[White "Kramnik, Vladimir"]
[Black "Cheparinov, Ivan"]
[Result "1/2-1/2"]
[WhiteElo "2777"]
[BlackElo "2681"]
[PlyCount "77"]
[EventDate "2015.10.13"]

1. d4 Nf6 2. Nf3 d5 3. Bf4 c5 4. e3 Nc6 5. Nbd2 Qb6 6. dxc5 Qxc5 7. a3 Bf5 8.
c4 e6 9. b4 Qb6 10. c5 Qd8 11. Bb5 a6 12. Bxc6+ bxc6 13. Qa4 Qc8 14. Ne5 Nd7
15. Qxc6 f6 16. Qxc8+ Rxc8 17. Nxd7 Kxd7 18. Ke2 e5 19. Bg3 Be7 20. Nb3 Bc2 21.
Na5 Ba4 22. Rhc1 g5 23. Rc3 h5 24. f3 Ke6 25. Rac1 Rc7 26. Ke1 f5 27. Bf2 Rg8
28. c6 g4 29. f4 e4 30. Nb7 Rgc8 31. Nc5+ Bxc5 32. Rxc5 Rxc6 33. Bh4 Rxc5 34.
bxc5 Bb5 35. Kd2 Bc4 36. Rb1 Bb5 37. Rc1 Bc4 38. Rb1 Bb5 39. Rc1 1/2-1/2

[Event "Mondiale Lampo FIDE 2015"]
[Site "Berlino"]
[Date "13.10.2015"]
[Round "10.13"]
[White "Zhigalko, Sergei"]
[Black "Kramnik, Vladimir"]
[Result "0-1"]
[WhiteElo "2656"]
[BlackElo "2777"]
[PlyCount "90"]
[EventDate "2015.10.13"]

1. e4 e5 2. Nf3 Nc6 3. Bc4 Bc5 4. O-O d6 5. c3 Nf6 6. d3 a6 7. Bb3 h6 8. Nbd2
O-O 9. Re1 Be6 10. Nf1 Bxb3 11. Qxb3 Qd7 12. Be3 Bxe3 13. Nxe3 Rfe8 14. Rad1 b5
15. h3 Ne7 16. Nh4 c5 17. Qc2 d5 18. Qe2 Rad8 19. Qf3 dxe4 20. dxe4 Qc6 21.
Nhf5 Nxf5 22. Nxf5 Rxd1 23. Qxd1 h5 24. Qf3 g6 25. Ne3 Rd8 26. c4 Rd4 27. Nd5
Kg7 28. cxb5 axb5 29. Nxf6 Qxf6 30. Qc3 Qd6 31. b3 b4 32. Qc1 Rd2 33. a4 bxa3
34. Qxa3 Qd4 35. Rf1 Rd3 36. Qa4 Qc3 37. Qc6 Rd4 38. f3 Rd2 39. Kh1 Qc2 40. Rg1
Qc3 41. Qc7 Rb2 42. Rd1 Rxb3 43. Kh2 Qb2 44. Rd7 Rxf3 45. Rd8 Rf2 0-1

[Event "Mondiale Lampo FIDE 2015"]
[Site "Berlino"]
[Date "13.10.2015"]
[Round "11.6"]
[White "Kramnik, Vladimir"]
[Black "Duda, Jan-Krzysztof"]
[Result "1-0"]
[WhiteElo "2777"]
[BlackElo "2658"]
[PlyCount "105"]
[EventDate "2015.10.13"]

1. d4 Nf6 2. Nf3 e6 3. Bf4 b6 4. e3 Bb7 5. Nbd2 Be7 6. h3 O-O 7. Bd3 c5 8. O-O
cxd4 9. exd4 d6 10. c3 Nbd7 11. Re1 a6 12. a4 Re8 13. Bh2 Nf8 14. Nc4 Ng6 15.
a5 b5 16. Nb6 Ra7 17. b3 Nd5 18. Nxd5 Bxd5 19. c4 bxc4 20. bxc4 Ba8 21. d5 Bf6
22. Ra3 exd5 23. Rxe8+ Qxe8 24. cxd5 Bxd5 25. Bxg6 Bxf3 26. Bxh7+ Kxh7 27. Rxf3
Re7 28. Qd3+ Kg8 29. Bf4 Qb5 30. Qxb5 axb5 31. Rb3 Ra7 32. Bd2 Bd4 33. Rxb5 Bc5
34. g4 f6 35. Kg2 Kf7 36. f4 Ke6 37. Kf3 Kd5 38. h4 Kc4 39. Rb1 Kd3 40. Be1 Re7
41. Rd1+ Kc4 42. Bd2 Rb7 43. g5 f5 44. h5 Rb3+ 45. Kg2 Rb2 46. h6 gxh6 47. gxh6
Kd3 48. h7 Bd4 49. a6 Ra2 50. Kf3 Kc4 51. Be3 Bh8 52. Rxd6 Kb5 53. Rd8 1-0

[Event "Mondiale Lampo FIDE 2015"]
[Site "Berlino"]
[Date "14.10.2015"]
[Round "12.1"]
[White "Kramnik, Vladimir"]
[Black "Carlsen, Magnus"]
[Result "1/2-1/2"]
[WhiteElo "2777"]
[BlackElo "2850"]
[PlyCount "101"]
[EventDate "2015.10.13"]

1. Nf3 d5 2. g3 g6 3. c4 c6 4. Qa4 Nd7 5. cxd5 cxd5 6. Bg2 Bg7 7. Nc3 Ngf6 8.
O-O O-O 9. d4 b6 10. Bf4 Bb7 11. Rfc1 a6 12. Ne5 e6 13. Qb3 Rc8 14. e3 Qe7 15.
Bg5 Qd6 16. Bxf6 Nxf6 17. Na4 Rxc1+ 18. Rxc1 b5 19. Nc5 Rc8 20. Rc3 Qb6 21. a4
Bf8 22. Ned3 Bc6 23. Bf1 Rb8 24. Ne5 bxa4 25. Qxb6 Rxb6 26. Nxe6 Be8 27. Nxf8
Rxb2 28. Nxh7 Kxh7 29. Bxa6 Rxf2 30. Kxf2 Ne4+ 31. Ke2 Nxc3+ 32. Kd3 Ne4 33.
Bb7 Nf6 34. Kc3 Kg7 35. Kb4 Kf8 36. g4 g5 37. h3 Kg7 38. Bc6 Bxc6 39. Nxc6 Ne4
40. Ne7 Nf2 41. Nxd5 Nxh3 42. Nb6 Nf2 43. d5 Nxg4 44. d6 Kf6 45. Nxa4 Nxe3 46.
Kc5 Nf5 47. d7 Ke7 48. Kc6 Kd8 49. Nc5 Nd4+ 50. Kd6 Nb5+ 51. Ke5 1/2-1/2

[Event "Mondiale Lampo FIDE 2015"]
[Site "Berlino"]
[Date "14.10.2015"]
[Round "13.4"]
[White "Ghaem Maghami, Ehsan"]
[Black "Kramnik, Vladimir"]
[Result "1/2-1/2"]
[WhiteElo "2596"]
[BlackElo "2777"]
[PlyCount "35"]
[EventDate "2015.10.13"]

1. d4 Nf6 2. Nf3 d5 3. c4 e6 4. Nc3 c5 5. cxd5 Nxd5 6. e3 cxd4 7. exd4 Nxc3 8.
bxc3 Qc7 9. Bb5+ Nd7 10. O-O Bd6 11. d5 O-O 12. dxe6 fxe6 13. h3 Nf6 14. Re1 e5
15. Ba3 Bxa3 16. Qb3+ Kh8 17. Qxa3 Bd7 18. Rxe5 1/2-1/2

[Event "Mondiale Lampo FIDE 2015"]
[Site "Berlino"]
[Date "14.10.2015"]
[Round "14.5"]
[White "Kramnik, Vladimir"]
[Black "Wojtaszek, Radoslaw"]
[Result "1-0"]
[WhiteElo "2777"]
[BlackElo "2734"]
[PlyCount "101"]
[EventDate "2015.10.13"]

1. d4 Nf6 2. Nf3 d5 3. Bf4 c5 4. e3 cxd4 5. exd4 Nc6 6. Nbd2 Bg4 7. c3 e6 8.
Qb3 Qb6 9. Qxb6 axb6 10. Bb5 Nd7 11. a4 Be7 12. h3 Bh5 13. O-O O-O 14. Rfe1
Rfc8 15. Re3 h6 16. Rae1 Bg6 17. Rc1 Bd8 18. Ree1 Bc7 19. Bxc7 Rxc7 20. Nf1 Be4
21. N3d2 Nf6 22. Ne3 Na7 23. Bf1 Bg6 24. c4 Rac8 25. Rc3 dxc4 26. Ndxc4 b5 27.
Nd6 Rxc3 28. bxc3 Rxc3 29. axb5 b6 30. Nec4 Rb3 31. Nxb6 Rb4 32. Ra1 Rxd4 33.
Nbc4 Nxb5 34. Nxb5 Rd8 35. Ne5 Be4 36. Ra7 Rd1 37. Nc3 Re1 38. f3 Bf5 39. Ra5
Rc1 40. Ne2 Rb1 41. Nd4 Bg6 42. Nxg6 fxg6 43. Nxe6 Nh5 44. Kf2 Rb2+ 45. Ke3 Ng3
46. Bc4 Nf5+ 47. Kd3 Kf7 48. Nd4+ Kf6 49. Nxf5 gxf5 50. g4 fxg4 51. hxg4 1-0

[Event "Mondiale Lampo FIDE 2015"]
[Site "Berlino"]
[Date "14.10.2015"]
[Round "15.2"]
[White "Vachier-Lagrave, Maxime"]
[Black "Kramnik, Vladimir"]
[Result "1/2-1/2"]
[WhiteElo "2758"]
[BlackElo "2777"]
[PlyCount "125"]
[EventDate "2015.10.13"]

1. Nf3 d5 2. g3 c6 3. Bg2 Bg4 4. O-O e6 5. h3 Bh5 6. d4 Nf6 7. c4 Nbd7 8. cxd5
exd5 9. Qb3 Qb6 10. Qe3+ Be7 11. Nh4 Bg6 12. Nc3 Kf8 13. Nxg6+ hxg6 14. Qd3 Re8
15. Rb1 Kg8 16. b4 a6 17. Re1 Nf8 18. e4 dxe4 19. Nxe4 Nxe4 20. Rxe4 Qd8 21.
Qe2 Rh5 22. Bf3 Rd5 23. Bb2 Rd6 24. Re1 Ne6 25. h4 Bf8 26. Qc4 Re7 27. Kg2 Nc7
28. Bc1 Rxe4 29. Rxe4 Re6 30. Rxe6 Nxe6 31. d5 cxd5 32. Bxd5 Qd7 33. a3 b5 34.
Qc6 Qxc6 35. Bxc6 Bd6 36. Bb7 Nc7 37. Be3 Kf8 38. Bb6 Ke7 39. Kf3 Kd7 40. Ke4
f5+ 41. Kd3 Be5 42. Kc2 Bf6 43. f4 Ne6 44. Bxa6 Kc6 45. Be3 Nd4+ 46. Kd3 Ne6
47. Bc8 Nc7 48. h5 gxh5 49. Bxf5 h4 50. Be4+ Kd7 51. g4 h3 52. g5 Bb2 53. Bf5+
Ke7 54. Bxh3 Bxa3 55. Bc5+ Kf7 56. Kc3 Nd5+ 57. Kb3 Bc1 58. f5 Bxg5 59. Bf1 Nc7
60. Bd6 Bd8 61. Be5 g6 62. fxg6+ Kxg6 63. Bxc7 1/2-1/2

[Event "Mondiale Lampo FIDE 2015"]
[Site "Berlino"]
[Date "14.10.2015"]
[Round "16.5"]
[White "Kramnik, Vladimir"]
[Black "Radjabov, Teimour"]
[Result "1/2-1/2"]
[WhiteElo "2777"]
[BlackElo "2738"]
[PlyCount "125"]
[EventDate "2015.10.13"]

1. Nf3 Nf6 2. g3 g6 3. b3 Bg7 4. Bb2 c5 5. c4 O-O 6. Bg2 Nc6 7. O-O d6 8. d4
Nd7 9. Qd2 e5 10. dxe5 dxe5 11. Rd1 h6 12. Nc3 f5 13. Nb5 Kh7 14. Qd6 a6 15.
Nc7 Rf6 16. Ne6 Qg8 17. Nfg5+ hxg5 18. Nxg5+ Kh8 19. Qc7 Qd8 20. Bxe5 Qxc7 21.
Bxc7 Rf8 22. Rac1 Nd4 23. Kf1 Be5 24. Bxe5+ Nxe5 25. e3 Ne6 26. Nxe6 Bxe6 27.
Rd6 Bc8 28. Rcd1 Kg7 29. R6d5 Nc6 30. Rxc5 Rf6 31. b4 Nxb4 32. Rc7+ Rf7 33.
Rxf7+ Kxf7 34. Rd8 Rb8 35. h4 Nc6 36. Bd5+ Be6 37. Rd7+ Kf6 38. Rd6 Nd8 39. Rb6
Rc8 40. Ke2 Rc7 41. Kd3 Nc6 42. f4 a5 43. a3 Rd7 44. e4 fxe4+ 45. Kxe4 Re7 46.
Kf3 Nd4+ 47. Kf2 Rc7 48. Rxb7 Rxb7 49. Bxb7 Bxc4 50. g4 a4 51. Ke3 Nc2+ 52. Kd2
Bb3 53. Be4 Nxa3 54. g5+ Kg7 55. f5 gxf5 56. Bxf5 Bf7 57. Kc3 Nb5+ 58. Kb4 a3
59. Bb1 Bg6 60. Ba2 Bf7 61. Kxb5 Bxa2 62. Ka4 Bf7 63. Kxa3 1/2-1/2

[Event "Mondiale Lampo FIDE 2015"]
[Site "Berlino"]
[Date "14.10.2015"]
[Round "18.4"]
[White "Kramnik, Vladimir"]
[Black "Aronian, Levon"]
[Result "1-0"]
[WhiteElo "2777"]
[BlackElo "2784"]
[PlyCount "129"]
[EventDate "2015.10.13"]

1. d4 Nf6 2. Nf3 e6 3. e3 c5 4. Bd3 Nc6 5. O-O d5 6. c3 Bd6 7. Nbd2 O-O 8. Qe2
e5 9. dxc5 Bxc5 10. e4 h6 11. exd5 Nxd5 12. Ne4 Bb6 13. Ng3 Re8 14. Re1 Bg4 15.
h3 Be6 16. Bc2 Qc7 17. Qe4 Nf6 18. Qh4 Nh7 19. Bxh6 gxh6 20. Qxh6 f5 21. Nxf5
Bxf5 22. Bxf5 Qg7 23. Qh4 Rf8 24. Qe4 Ng5 25. Qc4+ Qf7 26. Qxf7+ Rxf7 27. Nxg5
Rxf5 28. Ne4 Rd8 29. Rad1 Rxd1 30. Rxd1 Rf4 31. Re1 Ne7 32. g3 Rf8 33. Kg2 Nd5
34. Re2 Nf6 35. Nd6 e4 36. b4 Rd8 37. Nxe4 Nxe4 38. Rxe4 Rd2 39. Rf4 Rxa2 40.
c4 a5 41. c5 Bc7 42. Rg4+ Kf7 43. bxa5 Rxa5 44. Rb4 Rxc5 45. Rxb7 Kg6 46. Rb2
Be5 47. Re2 Rb5 48. h4 Bd4 49. g4 Bf6 50. h5+ Kg5 51. Kg3 Rb3+ 52. f3 Kh6 53.
Re8 Kg7 54. Re4 Bg5 55. Re5 Bf6 56. Rf5 Rb4 57. g5 Be7 58. f4 Rd4 59. Kg4 Bd6
60. Rf6 Be7 61. h6+ Kg8 62. h7+ Kh8 63. Rf7 Ba3 64. g6 Rd6 65. Rf8+ 1-0

[Event "Mondiale Lampo FIDE 2015"]
[Site "Berlino"]
[Date "14.10.2015"]
[Round "19.3"]
[White "Grischuk, Alexander"]
[Black "Kramnik, Vladimir"]
[Result "1/2-1/2"]
[WhiteElo "2774"]
[BlackElo "2777"]
[PlyCount "91"]
[EventDate "2015.10.13"]

1. c4 e6 2. g3 d5 3. Bg2 Nf6 4. Nf3 Be7 5. b3 O-O 6. O-O b6 7. Bb2 Bb7 8. cxd5
Nxd5 9. d4 Nd7 10. Re1 N5f6 11. Nc3 Bb4 12. Qc2 Bxc3 13. Qxc3 Be4 14. Red1 Qc8
15. Bf1 Nd5 16. Qe1 Bxf3 17. exf3 Qb7 18. Rac1 c6 19. f4 a5 20. a3 N7f6 21. Rc2
Rfd8 22. Rdc1 Rd6 23. Qe2 Ne7 24. Bg2 Nfd5 25. h4 Rad8 26. h5 Nf5 27. Rc4 h6
28. a4 Nb4 29. Qe4 Qd7 30. Bf3 Nxd4 31. Bxd4 Rxd4 32. Rxd4 Qxd4 33. Qxd4 Rxd4
34. Bxc6 Nxc6 35. Rxc6 Rb4 36. Rc8+ Kh7 37. Rc7 f5 38. Rc3 Kg8 39. Kf1 Kf7 40.
Ke2 b5 41. axb5 Rxb5 42. Rc7+ Kf6 43. Ra7 g5 44. hxg6 Kxg6 45. Ra6 Kf6 46. Kf1
1/2-1/2